[Event "Mittelfranken Landesliga Sued 2223"]
[Site "Mittelfranken"]
[Date "2022.10.23"]
[Round "2.6"]
[White "Absmaier, Friedrich"]
[Black "Vaccaroni, Juan Manuel"]
[Result "1-0"]
[WhiteElo "1931"]
[BlackElo "1957"]
[PlyCount "31"]
[EventDate "2022.10.09"]
[EventType "team-tourn"]
[EventRounds "9"]
[EventCountry "GER"]
[SourceTitle "EXT 2024"]
[Source "ChessBase"]
[SourceDate "2023.10.10"]
[SourceVersion "1"]
[SourceVersionDate "2023.10.10"]
[SourceQuality "1"]
[WhiteTeam "Starnberg"]
[BlackTeam "Neuburg"]
[WhiteTeamCountry "GER"]
[BlackTeamCountry "GER"]

1. e4 e5 2. Nf3 Nf6 3. Nxe5 d6 4. Nxf7 Kxf7 5. d4 c5 6. Nc3 cxd4 7. Bc4+ Be6 8. Bxe6+ Kxe6 9. Qxd4 Nc6 10. Qc4+ Kd7 11. Bf4 Rc8 12. 0-0-0 Kc7 13. Nb5+ Kb8 14. Nxd6 Qc7 15. Bg3 Ka8 16. Nf7 1-0

[Event "Regionalliga Sued-Ost 1819"]
[Site "Bayern"]
[Date "2018.11.25"]
[Round "3.2"]
[White "Absmaier, Friedrich"]
[Black "Seisenberger, Georg"]
[Result "1/2-1/2"]
[WhiteElo "2054"]
[BlackElo "1996"]
[PlyCount "113"]
[EventDate "2018.10.21"]
[EventType "team-tourn"]
[EventRounds "9"]
[EventCountry "GER"]
[SourceTitle "EXT 2022"]
[Source "ChessBase"]
[SourceDate "2021.10.06"]
[SourceVersion "1"]
[SourceVersionDate "2021.10.06"]
[SourceQuality "1"]
[WhiteTeam "Starnberg SC"]
[BlackTeam "Ilmmuenster"]
[WhiteTeamCountry "GER"]
[BlackTeamCountry "GER"]

1. e4 c5 2. c3 Nf6 3. e5 Nd5 4. Nf3 Nc6 5. Bc4 Nb6 6. Bb3 c4 7. Bc2 d6 8. exd6 Qxd6 9. 0-0 Bg4 10. h3 Bh5 11. Re1 0-0-0 12. b3 Qf6 13. Na3 Nd5 14. Qe2 Bxf3 15. Qxf3 Qxf3 16. gxf3 cxb3 17. axb3 e6 18. Nc4 a6 19. Be4 f5 20. Bc2 g6 21. Ba3 Bxa3 22. Rxa3 Rhe8 23. b4 e5 24. h4 Nf4 25. d4 Kc7 26. Nxe5 Nxe5 27. dxe5 Rd2 28. Bb3 Nd3 29. Re3 Rxe5 30. Ra2 Rxa2 31. Bxa2 Ne1 32. Bg8 Rxe3 33. fxe3 Nxf3+ 34. Kf2 Nxh4 35. Bxh7 Kd6 36. Kg3 g5 37. c4 b6 38. Bg8 Ng6 39. Kf2 Ne5 40. Ke2 Nd7 41. Bf7 Nf6 42. Bg6 Ke5 43. Bf7 Ne4 44. Bg8 g4 45. Bf7 Nc3+ 46. Kf2 Ke4 47. c5 bxc5 48. bxc5 Ke5 49. c6 Kd6 50. Bg6 Ne4+ 51. Kg2 Ke6 52. c7 Nd6 53. e4 fxe4 54. Bxe4 Kd7 55. Bc2 Kxc7 56. Kg3 Nc4 57. Bd3 1/2-1/2

[Event "Oberbayern Bezirksliga 1617"]
[Site "Germany"]
[Date "2017.04.30"]
[Round "9.1"]
[White "Absmaier, Friedrich"]
[Black "Wimmer, Alfred"]
[Result "1/2-1/2"]
[WhiteElo "2093"]
[BlackElo "1998"]
[PlyCount "44"]
[EventDate "2016.10.16"]
[EventType "team-tourn"]
[EventRounds "9"]
[EventCountry "GER"]
[SourceTitle "EXT 2019"]
[Source "ChessBase"]
[SourceDate "2018.10.10"]
[SourceVersion "1"]
[SourceVersionDate "2018.10.10"]
[SourceQuality "1"]
[WhiteTeam "Starnberg"]
[BlackTeam "Moosburg SC"]
[WhiteTeamCountry "GER"]
[BlackTeamCountry "GER"]

1. e4 g6 2. d4 Bg7 3. Nc3 c6 4. f4 d5 5. e5 Nh6 6. Nf3 Bg4 7. Be2 0-0 8. 0-0 Nf5 9. a4 a5 10. Ne1 Bxe2 11. Nxe2 h5 12. Ra3 e6 13. Kh1 Re8 14. Rh3 Nd7 15. Nd3 c5 16. c3 cxd4 17. Nxd4 Nxd4 18. cxd4 Rc8 19. Bd2 Rc4 20. Bc3 b6 21. Ne1 f5 22. Nf3 Nf8 1/2-1/2

[Event "Oberbayern Bezirksliga 1617"]
[Site "Germany"]
[Date "2017.04.02"]
[Round "8.1"]
[White "Frese, Daniel"]
[Black "Absmaier, Friedrich"]
[Result "0-1"]
[WhiteElo "2028"]
[BlackElo "2093"]
[PlyCount "97"]
[EventDate "2016.10.16"]
[EventType "team-tourn"]
[EventRounds "9"]
[EventCountry "GER"]
[SourceTitle "EXT 2019"]
[Source "ChessBase"]
[SourceDate "2018.10.10"]
[SourceVersion "1"]
[SourceVersionDate "2018.10.10"]
[SourceQuality "1"]
[WhiteTeam "Traunstein/Traunreut"]
[BlackTeam "Starnberg"]
[WhiteTeamCountry "GER"]
[BlackTeamCountry "GER"]

1. e4 e6 2. d4 d5 3. Nd2 Nf6 4. e5 Nfd7 5. Ngf3 c5 6. c3 Nc6 7. Bd3 cxd4 8. cxd4 Be7 9. 0-0 a5 10. a4 0-0 11. Nb1 Nb4 12. Bb5 Nb6 13. Nc3 Bd7 14. Bf4 Rc8 15. Bxd7 Qxd7 16. h4 Nc4 17. Qe2 Nxb2 18. Qxb2 Nd3 19. Qd2 Nxf4 20. Nd1 Ng6 21. h5 Nh4 22. Nxh4 Bxh4 23. Qxa5 Rc4 24. Qd2 Rxa4 25. Rb1 Rb8 26. Qf4 Qd8 27. Nc3 Rc4 28. Nb5 Bg5 29. Qg4 b6 30. Rb3 Bd2 31. Rg3 Bh6 32. Nd6 Rc7 33. f4 f5 34. Qe2 Qd7 35. Rb3 Qa4 36. Qd3 b5 37. Rxb5 Rxb5 38. Nxb5 Rc4 39. Rb1 Bxf4 40. Nd6 Rb4 41. g3 Be3+ 42. Kf1 Bxd4 43. Rxb4 Qxb4 44. Qa6 Qb1+ 45. Ke2 Qb8 46. Qc6 Bxe5 47. Nc8 Qb2+ 48. Kd3 Qd4+ 49. Ke2 0-1

[Event "Oberbayern Bezirksliga 1617"]
[Site "Germany"]
[Date "2016.12.04"]
[Round "3.1"]
[White "Poetsch, Klaus"]
[Black "Absmaier, Friedrich"]
[Result "0-1"]
[WhiteElo "2106"]
[BlackElo "2093"]
[PlyCount "150"]
[EventDate "2016.10.16"]
[EventType "team-tourn"]
[EventRounds "9"]
[EventCountry "GER"]
[SourceTitle "EXT 2019"]
[Source "ChessBase"]
[SourceDate "2018.10.10"]
[SourceVersion "1"]
[SourceVersionDate "2018.10.10"]
[SourceQuality "1"]
[WhiteTeam "Waldkraiburg"]
[BlackTeam "Starnberg"]
[WhiteTeamCountry "GER"]
[BlackTeamCountry "GER"]

1. d4 d5 2. c4 c6 3. Nf3 e6 4. Nc3 dxc4 5. g3 b5 6. Bg2 Bb7 7. 0-0 Nd7 8. Qc2 Ngf6 9. e4 Qb6 10. a4 a6 11. Be3 c5 12. d5 exd5 13. exd5 Bd6 14. Nh4 Be5 15. Nf5 0-0 16. Rfd1 Rfe8 17. Qc1 Ng4 18. Bf4 Qf6 19. Ne3 Nxf2 20. Kxf2 Bxf4 21. gxf4 Qxf4+ 22. Kg1 Qxe3+ 23. Qxe3 Rxe3 24. axb5 axb5 25. Rxa8+ Bxa8 26. Ra1 Re8 27. Nxb5 Rd8 28. Na7 g6 29. Nc6 Re8 30. Ra7 Nf6 31. Ra5 Ng4 32. Bf3 Bxc6 33. dxc6 Ne5 34. Bd5 Rc8 35. Rxc5 Kf8 36. Bxc4 Rxc6 37. Rxe5 Rxc4 38. Rb5 Rc2 39. Rb7 Kg7 40. b4 Rb2 41. b5 g5 42. h3 h5 43. Rb8 h4 44. Rb6 f5 45. Kh1 g4 46. Rc6 Rxb5 47. Rc4 Rb3 48. hxg4 Rh3+ 49. Kg2 Rg3+ 50. Kf2 Rxg4 51. Rc5 Kf6 52. Rc8 Rg3 53. Rf8+ Kg5 54. Ra8 Rb3 55. Kg2 Kg4 56. Rh8 Kf4 57. Rf8 h3+ 58. Kh2 Ke4 59. Rg8 Kf4 60. Rf8 Ke4 61. Re8+ Kf3 62. Rh8 Kf2 63. Rh4 Rf3 64. Ra4 f4 65. Ra2+ Ke3 66. Ra3+ Ke4 67. Ra4+ Kf5 68. Ra8 Rd3 69. Rg8 Ke4 70. Re8+ Kf3 71. Rf8 Rd5 72. Rf7 Rh5 73. Ra7 Re5 74. Ra3+ Kf2 75. Kxh3 Re3+ 0-1

[Event "Regionalliga SO 0809"]
[Site "Bayern"]
[Date "2009.03.29"]
[Round "9.3"]
[White "Schmidt, Wolfgang"]
[Black "Absmaier, Friedrich"]
[Result "1/2-1/2"]
[WhiteElo "2276"]
[BlackElo "2125"]
[PlyCount "33"]
[EventDate "2008.10.05"]
[EventType "team-tourn"]
[EventRounds "9"]
[EventCountry "GER"]
[SourceTitle "EXT 2020"]
[Source "ChessBase"]
[SourceDate "2019.10.17"]
[SourceVersion "1"]
[SourceVersionDate "2019.10.17"]
[SourceQuality "1"]
[WhiteTeam "Landshut"]
[BlackTeam "Starnberg"]
[WhiteTeamCountry "GER"]
[BlackTeamCountry "GER"]

1. e4 e6 2. Nf3 d5 3. e5 c5 4. b4 cxb4 5. a3 Nc6 6. axb4 Bxb4 7. c3 Be7 8. d4 Bd7 9. Bd3 g5 10. g4 h6 11. Ba3 Qc7 12. h4 gxh4 13. Bxe7 Ngxe7 14. Na3 Na5 15. Nb5 Bxb5 16. Bxb5+ Nec6 17. Nd2 1/2-1/2

[Event "Regionalliga SO 0708"]
[Site "Bayern"]
[Date "2008.04.20"]
[Round "9.4"]
[White "Absmaier, Friedrich"]
[Black "Seisenberger, Georg"]
[Result "1-0"]
[WhiteElo "2125"]
[BlackElo "2051"]
[PlyCount "55"]
[EventDate "2007.10.21"]
[EventType "team-tourn"]
[EventRounds "9"]
[EventCountry "GER"]
[SourceTitle "EXT 2009"]
[Source "ChessBase"]
[SourceDate "2008.11.26"]
[SourceVersion "1"]
[SourceVersionDate "2008.11.26"]
[SourceQuality "1"]
[WhiteTeam "Starnberg"]
[BlackTeam "Ilmmuenster"]
[WhiteTeamCountry "GER"]
[BlackTeamCountry "GER"]

1. e4 c5 2. c3 Nf6 3. e5 Nd5 4. Nf3 Nc6 5. Bc4 Nb6 6. Bb3 c4 7. Bc2 Qc7 8. Qe2 g5 9. e6 dxe6 10. Nxg5 Qe5 11. d4 cxd3 12. Bxd3 Qxe2+ 13. Bxe2 e5 14. 0-0 Bf5 15. f4 h6 16. Nxf7 Kxf7 17. fxe5 Ke6 18. Na3 Bg7 19. Be3 Nxe5 20. Nb5 Bg6 21. Rad1 Bf6 22. Bf4 Rac8 23. Nd4+ Kd7 24. Nf3+ Ke6 25. Bxe5 Bxe5 26. Nh4 Bd6 27. Bg4+ Ke5 28. Nxg6+ 1-0

[Event "Regionalliga SO 0708"]
[Site "Bayern"]
[Date "2008.02.17"]
[Round "6.3"]
[White "Absmaier, Friedrich"]
[Black "Bielmeier, Ludwig"]
[Result "1/2-1/2"]
[WhiteElo "2125"]
[BlackElo "2026"]
[PlyCount "76"]
[EventDate "2007.10.21"]
[EventType "team-tourn"]
[EventRounds "9"]
[EventCountry "GER"]
[SourceTitle "EXT 2009"]
[Source "ChessBase"]
[SourceDate "2008.11.26"]
[SourceVersion "1"]
[SourceVersionDate "2008.11.26"]
[SourceQuality "1"]
[WhiteTeam "Starnberg"]
[BlackTeam "Deggendorf"]
[WhiteTeamCountry "GER"]
[BlackTeamCountry "GER"]

1. e4 c6 2. d4 d5 3. exd5 cxd5 4. c4 Nf6 5. Nc3 g6 6. Qb3 Bg7 7. cxd5 0-0 8. Nge2 b5 9. Nf4 a6 10. Be2 Nbd7 11. 0-0 Nb6 12. Re1 Qd6 13. h3 Bb7 14. Bd2 Rfe8 15. Bf3 Nc4 16. Bc1 Na5 17. Qd1 Rac8 18. Qd3 b4 19. Ne4 Nxe4 20. Bxe4 Nc4 21. b3 Nb6 22. Bd2 Nxd5 23. Nxd5 Bxd5 24. Bxd5 Qxd5 25. Bxb4 Qxd4 26. Qxd4 Bxd4 27. Rac1 e5 28. Kf1 f6 29. Ke2 Bb2 30. Rc4 Kf7 31. Rb1 Rxc4 32. bxc4 Bd4 33. f3 Ke6 34. Ba3 Rc8 35. Kd3 Rd8 36. Kc2 Rc8 37. Kd3 Rd8 38. Kc2 Rc8 1/2-1/2

[Event "Regionalliga SO 0708"]
[Site "Bayern"]
[Date "2007.12.09"]
[Round "4.4"]
[White "Kaiser, Wolfgang"]
[Black "Absmaier, Friedrich"]
[Result "0-1"]
[WhiteElo "2296"]
[BlackElo "2125"]
[PlyCount "96"]
[EventDate "2007.10.21"]
[EventType "team-tourn"]
[EventRounds "9"]
[EventCountry "GER"]
[SourceTitle "EXT 2009"]
[Source "ChessBase"]
[SourceDate "2008.11.26"]
[SourceVersion "1"]
[SourceVersionDate "2008.11.26"]
[SourceQuality "1"]
[WhiteTeam "Passau II"]
[BlackTeam "Starnberg"]
[WhiteTeamCountry "GER"]
[BlackTeamCountry "GER"]

1. Nf3 d5 2. g3 c6 3. Bg2 Nf6 4. d3 h6 5. b3 Bf5 6. Ba3 Qa5+ 7. c3 Nbd7 8. 0-0 e5 9. Bxf8 Kxf8 10. b4 Qc7 11. Nbd2 e4 12. Nd4 Bg6 13. dxe4 dxe4 14. Qb3 Re8 15. Rad1 h5 16. Nc4 h4 17. Ne3 Qe5 18. c4 Qh5 19. h3 Qg5 20. g4 Ne5 21. c5 Kg8 22. f4 exf3 23. Nxf3 Nxf3+ 24. Rxf3 Kh7 25. Rd6 Re7 26. Nf5 Rxe2 27. Nxg7 Nxg4 28. hxg4 Qxg4 29. Rf2 Rxf2 30. Kxf2 Kxg7 31. Qc3+ Kh7 32. Rd4 Qg5 33. Qe3 Qf6+ 34. Rf4 Qb2+ 35. Kg1 Kg7 36. a4 Rh5 37. Qd4+ Qxd4+ 38. Rxd4 Bf5 39. b5 h3 40. bxc6 bxc6 41. Bxc6 Be6 42. Bd7 h2+ 43. Kh1 Bd5+ 44. Rxd5 Rxd5 45. c6 Rc5 46. Kxh2 Rc3 47. Kg2 Kf6 48. Kf2 Ke7 0-1

[Event "Regionalliga SO 0708"]
[Site "Bayern"]
[Date "2007.11.04"]
[Round "2.3"]
[White "Absmaier, Friedrich"]
[Black "Wawra, Juergen"]
[Result "1-0"]
[WhiteElo "2125"]
[BlackElo "2147"]
[PlyCount "99"]
[EventDate "2007.10.21"]
[EventType "team-tourn"]
[EventRounds "9"]
[EventCountry "GER"]
[SourceTitle "EXT 2009"]
[Source "ChessBase"]
[SourceDate "2008.11.26"]
[SourceVersion "1"]
[SourceVersionDate "2008.11.26"]
[SourceQuality "1"]
[WhiteTeam "Starnberg"]
[BlackTeam "Germering"]
[WhiteTeamCountry "GER"]
[BlackTeamCountry "GER"]

1. e4 c5 2. c3 d5 3. exd5 Qxd5 4. d4 Nf6 5. Nf3 Bg4 6. Be2 cxd4 7. cxd4 e6 8. Nc3 Bb4 9. 0-0 Bxc3 10. bxc3 0-0 11. h3 Bf5 12. c4 Qd6 13. Qb3 Qc7 14. Ba3 Re8 15. Rac1 Nbd7 16. Rfd1 Rac8 17. Rd2 h6 18. Rb2 b6 19. Qe3 e5 20. Qd2 e4 21. Nh2 Nd5 22. Rb3 Nf4 23. Bg4 Bxg4 24. Nxg4 h5 25. Ne3 Nf6 26. Nf5 Rcd8 27. Rg3 Ng6 28. d5 Re5 29. Nd4 h4 30. Re3 Rg5 31. d6 Qb7 32. Kh2 Nf4 33. g3 hxg3+ 34. fxg3 Nd3 35. Rxd3 Rh5 36. Re3 Qd7 37. h4 Ng4+ 38. Kg2 Nxe3+ 39. Qxe3 f5 40. Qf4 g6 41. c5 bxc5 42. Bxc5 Re8 43. Qe3 Kh7 44. Bb4 Rc8 45. Rxc8 Qxc8 46. Qc3 Qxc3 47. Bxc3 f4 48. d7 f3+ 49. Kf2 Rd5 50. Ne6 1-0

[Event "Landesliga Sued 0607"]
[Site "Bayern"]
[Date "2007.04.22"]
[Round "9.5"]
[White "Kantorik, Marian"]
[Black "Absmaier, Friedrich"]
[Result "1-0"]
[WhiteElo "2208"]
[BlackElo "2098"]
[PlyCount "43"]
[EventDate "2006.10.15"]
[EventType "team-tourn"]
[EventRounds "9"]
[EventCountry "GER"]
[SourceTitle "EXT 2008"]
[Source "ChessBase"]
[SourceDate "2007.11.25"]
[SourceVersion "1"]
[SourceVersionDate "2007.11.25"]
[SourceQuality "1"]
[WhiteTeam "Weilheim"]
[BlackTeam "Starnberg"]
[WhiteTeamCountry "GER"]
[BlackTeamCountry "GER"]

1. d4 d5 2. c4 e6 3. Nc3 c6 4. Nf3 dxc4 5. a4 Bb4 6. e4 b5 7. Bd2 Bb7 8. b3 a5 9. bxc4 Bxc3 10. Bxc3 b4 11. Bb2 Nd7 12. Bd3 Qc7 13. 0-0 Ne7 14. Qe2 h6 15. Rfd1 0-0-0 16. c5 g5 17. d5 exd5 18. Bxh8 Rxh8 19. exd5 Nxd5 20. Bf5 Kb8 21. Bxd7 Qxd7 22. Qe5+ 1-0

[Event "Landesliga Sued 0607"]
[Site "Bayern"]
[Date "2006.12.10"]
[Round "4.4"]
[White "Absmaier, Friedrich"]
[Black "Schreiner, Richard"]
[Result "0-1"]
[WhiteElo "2098"]
[BlackElo "2184"]
[PlyCount "140"]
[EventDate "2006.10.15"]
[EventType "team-tourn"]
[EventRounds "9"]
[EventCountry "GER"]
[SourceTitle "EXT 2008"]
[Source "ChessBase"]
[SourceDate "2007.11.25"]
[SourceVersion "1"]
[SourceVersionDate "2007.11.25"]
[SourceQuality "1"]
[WhiteTeam "Starnberg"]
[BlackTeam "Garching"]
[WhiteTeamCountry "GER"]
[BlackTeamCountry "GER"]

1. e4 e6 2. d4 d5 3. e5 c5 4. c3 Ne7 5. Nf3 Nec6 6. Be2 Be7 7. 0-0 Nd7 8. Re1 f6 9. Bd3 Qb6 10. Na3 cxd4 11. cxd4 a6 12. Nc2 0-0 13. exf6 Nxf6 14. b3 Bd7 15. Bb2 Rae8 16. Rc1 Bd6 17. Ne3 Re7 18. Bb1 Be8 19. Ne5 Kh8 20. Qd3 Ne4 21. N5c4 Qd8 22. Nxd6 Qxd6 23. f3 Nf6 24. Qd2 Rc7 25. Re2 Bf7 26. Nc2 Rfc8 27. Ba3 Qd7 28. Ne1 Nxd4 29. Re5 Nb5 30. Rxc7 Qxc7 31. Bb2 Nc3 32. Bxc3 Qxc3 33. Qxc3 Rxc3 34. Kf2 Nd7 35. Re2 g6 36. Nd3 Kg7 37. Nf4 e5 38. Nd3 Kf6 39. Rd2 Be6 40. Ne1 Ke7 41. Rc2 Rxc2+ 42. Bxc2 Bf5 43. Ke3 Kd6 44. g4 d4+ 45. Kd2 Bxc2 46. Nxc2 a5 47. Na3 Kd5 48. Nc4 b6 49. Ke2 e4 50. fxe4+ Kxe4 51. Nd6+ Kf4 52. Kd3 Kxg4 53. Kxd4 Kh3 54. Kd5 Kxh2 55. Kc6 h5 56. Kxd7 h4 57. Ne4 Kg2 58. Ng5 h3 59. Nxh3 Kxh3 60. Kc6 g5 61. Kxb6 a4 62. bxa4 g4 63. a5 g3 64. a6 g2 65. Kb7 g1Q 66. a7 Qb1+ 67. Ka8 Kg4 68. a4 Kf5 69. a5 Ke6 70. a6 Qh7 0-1

[Event "Regionalliga SO 0405"]
[Site "Bayern"]
[Date "2005.04.10"]
[Round "9.6"]
[White "Absmaier, Friedrich"]
[Black "Gruentaler, Gerhard"]
[Result "0-1"]
[WhiteElo "2076"]
[BlackElo "2060"]
[PlyCount "106"]
[EventDate "2004.10.24"]
[EventType "team-tourn"]
[EventRounds "9"]
[EventCountry "GER"]
[SourceTitle "EXT 2007"]
[Source "ChessBase"]
[SourceDate "2006.11.23"]
[SourceVersion "1"]
[SourceVersionDate "2006.11.23"]
[SourceQuality "1"]
[WhiteTeam "Starnberg"]
[BlackTeam "Ilmmuenster"]
[WhiteTeamCountry "GER"]
[BlackTeamCountry "GER"]

1. e4 d5 2. exd5 Qxd5 3. Nc3 Qd8 4. d4 Nf6 5. Bc4 a6 6. Nf3 b5 7. Bb3 c5 8. dxc5 Qxd1+ 9. Nxd1 e6 10. 0-0 Bxc5 11. Be3 Nbd7 12. a4 b4 13. Re1 Bb7 14. Ne5 Bxe3 15. Rxe3 Nxe5 16. Rxe5 Bd5 17. Bxd5 Nxd5 18. Ne3 Nxe3 19. Rxe3 Ke7 20. Kf1 Rac8 21. Rc1 Rhd8 22. Ke2 Rc4 23. Rd3 Rdc8 24. Kd2 e5 25. c3 Rf4 26. Ke3 b3 27. Rd5 f6 28. Rcd1 Rc7 29. Rd6 Rxa4 30. Rb6 Ra5 31. Rxb3 Rb5 32. Rxb5 axb5 33. Rd5 Rb7 34. Kd3 Ke6 35. Rc5 Kd6 36. b4 Rb8 37. f3 f5 38. c4 bxc4+ 39. Kxc4 Ra8 40. Ra5 Rc8+ 41. Kb3 g6 42. g4 fxg4 43. fxg4 e4 44. h4 e3 45. Ra2 Ke5 46. Rc2 Rd8 47. Rc7 Kd6 48. Rc1 Ke5 49. Rc7 Re8 50. Rc1 e2 51. h5 g5 52. Re1 Kd4 53. Kc2 Ke3 0-1

[Event "Regionalliga SO 0405"]
[Site "Bayern"]
[Date "2005.02.13"]
[Round "7.6"]
[White "Absmaier, Friedrich"]
[Black "Latzel, Wolfgang"]
[Result "1-0"]
[WhiteElo "2076"]
[BlackElo "1869"]
[PlyCount "127"]
[EventDate "2004.10.24"]
[EventType "team-tourn"]
[EventRounds "9"]
[EventCountry "GER"]
[SourceTitle "EXT 2007"]
[Source "ChessBase"]
[SourceDate "2006.11.23"]
[SourceVersion "1"]
[SourceVersionDate "2006.11.23"]
[SourceQuality "1"]
[WhiteTeam "Starnberg"]
[BlackTeam "Landshut"]
[WhiteTeamCountry "GER"]
[BlackTeamCountry "GER"]

1. e4 d6 2. d4 g6 3. Nc3 Bg7 4. f4 a6 5. Nf3 b5 6. a3 Bb7 7. Be2 Nd7 8. 0-0 c5 9. d5 Qc7 10. Kh1 Ngf6 11. e5 dxe5 12. fxe5 Ng4 13. d6 exd6 14. e6 Nde5 15. Ng5 f5 16. Nf7 0-0 17. h3 Nf6 18. Qxd6 Qxd6 19. Nxd6 Bc6 20. Bf4 Ne4 21. Ncxe4 fxe4 22. Rad1 h6 23. b3 g5 24. Be3 Rxf1+ 25. Rxf1 c4 26. Bh5 Rf8 27. Nf5 Be8 28. Be2 cxb3 29. cxb3 Nd3 30. e7 Rf7 31. g4 Rf6 32. Rd1 Re6 33. Bxd3 exd3 34. Rxd3 Bg6 35. Rd8+ Kf7 36. e8Q+ Rxe8 37. Nd6+ Ke7 38. Rxe8+ Bxe8 39. Nxe8 Kxe8 40. Kg2 Kd7 41. Kf3 Ke6 42. Ke4 Bf8 43. a4 Bg7 44. Bc5 bxa4 45. bxa4 Kf7 46. Kd5 Kg6 47. Kc6 Bc3 48. Kb6 h5 49. Kxa6 hxg4 50. hxg4 Kf6 51. Kb5 Ke5 52. Bb4 Bd4 53. a5 Kd5 54. Bd2 Kd6 55. Bxg5 Kc7 56. Bf4+ Kb7 57. g5 Bc3 58. g6 Bg7 59. Be3 Be5 60. a6+ Ka8 61. Kc6 Bg7 62. Kd6 Kb8 63. Ke6 Ka8 64. Kf7 1-0

[Event "Regionalliga SO 0405"]
[Site "Bayern"]
[Date "2005.01.16"]
[Round "5.5"]
[White "Luft, Martin"]
[Black "Absmaier, Friedrich"]
[Result "1/2-1/2"]
[WhiteElo "2076"]
[BlackElo "2076"]
[PlyCount "86"]
[EventDate "2004.10.24"]
[EventType "team-tourn"]
[EventRounds "9"]
[EventCountry "GER"]
[SourceTitle "EXT 2007"]
[Source "ChessBase"]
[SourceDate "2006.11.23"]
[SourceVersion "1"]
[SourceVersionDate "2006.11.23"]
[SourceQuality "1"]
[WhiteTeam "Graefelfing"]
[BlackTeam "Starnberg"]
[WhiteTeamCountry "GER"]
[BlackTeamCountry "GER"]

1. Nf3 d5 2. d4 c6 3. e3 Bg4 4. Nbd2 Nf6 5. c4 e6 6. Be2 Nbd7 7. 0-0 Bd6 8. b3 0-0 9. Bb2 Qc7 10. h3 Bh5 11. Re1 Rac8 12. Rc1 Qb8 13. Qc2 Rfe8 14. Qb1 a6 15. Rcd1 b5 16. Rc1 Bb4 17. Red1 Bd6 18. Re1 Bg6 19. Qa1 h6 20. Nf1 Be4 21. N3d2 Bh7 22. Nf3 a5 23. N1d2 a4 24. c5 Bc7 25. bxa4 bxa4 26. Bd1 Qa7 27. Nb1 Rb8 28. a3 Rb7 29. Bc3 Reb8 30. Nfd2 Ne4 31. Nxe4 Bxe4 32. Nd2 Bg6 33. Bc2 Bxc2 34. Rxc2 Ba5 35. Bxa5 Qxa5 36. e4 Nf6 37. exd5 exd5 38. Nf3 Ne4 39. Ne5 Qc7 40. f3 Ng3 41. Nd3 Rb3 42. Nb4 Qd7 43. Rc3 Rxc3 1/2-1/2

[Event "Regionalliga SO 0405"]
[Site "Bayern"]
[Date "2004.10.24"]
[Round "1.6"]
[White "Mroz, Thomas"]
[Black "Absmaier, Friedrich"]
[Result "1/2-1/2"]
[WhiteElo "2022"]
[BlackElo "2076"]
[PlyCount "133"]
[EventDate "2004.10.24"]
[EventType "team-tourn"]
[EventRounds "9"]
[EventCountry "GER"]
[SourceTitle "EXT 2007"]
[Source "ChessBase"]
[SourceDate "2006.11.23"]
[SourceVersion "1"]
[SourceVersionDate "2006.11.23"]
[SourceQuality "1"]
[WhiteTeam "Trostberg"]
[BlackTeam "Starnberg"]
[WhiteTeamCountry "GER"]
[BlackTeamCountry "GER"]

1. d4 d5 2. Nf3 c6 3. c4 e6 4. Qc2 Nf6 5. g3 Bd6 6. Nbd2 Nbd7 7. Bg2 0-0 8. 0-0 Re8 9. Rd1 Qe7 10. e4 dxe4 11. Nxe4 Nxe4 12. Qxe4 Nf6 13. Qc2 h6 14. h3 Qc7 15. b3 c5 16. Be3 Bd7 17. dxc5 Bxc5 18. Bxc5 Qxc5 19. Nd2 Bc6 20. Ne4 Nxe4 21. Bxe4 Rad8 22. Bxc6 Qxc6 23. Rd2 e5 24. Rad1 Rc8 25. Rd6 Qf3 26. Qd3 Qxd3 27. R1xd3 Rc7 28. R3d5 b6 29. Rd7 Rxd7 30. Rxd7 a6 31. Rd6 Rb8 32. Kf1 Kf8 33. Rd7 Ke8 34. Ra7 a5 35. Ke2 Rd8 36. Rb7 Rd6 37. Ke3 Kf8 38. Ke4 f6 39. Kf5 Rd2 40. f4 exf4 41. Kxf4 Rxa2 42. Rxb6 a4 43. Kf5 axb3 44. Rxb3 Re2 45. Kg6 Rc2 46. Rb8+ Ke7 47. Rb7+ Ke6 48. Rxg7 Rxc4 49. Kxh6 Rc3 50. h4 f5 51. h5 Kf6 52. Rg6+ Kf7 53. Kh7 Rc8 54. Rg7+ Kf6 55. Ra7 Kg5 56. h6 Rc6 57. Kg8 Kxh6 58. Kf7 Kg5 59. Ra3 Kg4 60. Rb3 Rh6 61. Rc3 Rh3 62. Kg6 f4 63. gxf4 Rxc3 64. f5 Kf4 65. f6 Ke5 66. f7 Rg3+ 67. Kh7 1/2-1/2

[Event "Regionalliga SO 0304"]
[Site "Bayern"]
[Date "2004.02.15"]
[Round "6.5"]
[White "Luft, Martin"]
[Black "Absmaier, Friedrich"]
[Result "1-0"]
[WhiteElo "2092"]
[BlackElo "2106"]
[PlyCount "93"]
[EventDate "2003.10.??"]
[EventType "team"]
[EventRounds "9"]
[EventCountry "GER"]
[SourceTitle "EXT 2006"]
[Source "ChessBase"]
[SourceDate "2005.11.24"]
[SourceVersion "1"]
[SourceVersionDate "2005.11.24"]
[SourceQuality "1"]
[WhiteTeam "Graefelfing"]
[BlackTeam "Starnberg"]
[WhiteTeamCountry "GER"]
[BlackTeamCountry "GER"]

1. d4 d5 2. Nf3 c6 3. Bf4 Qb6 4. b3 Bf5 5. e3 e6 6. Bd3 Bxd3 7. Qxd3 Nf6 8. 0-0 Nbd7 9. Nbd2 c5 10. c4 Bd6 11. cxd5 exd5 12. Bxd6 Qxd6 13. dxc5 Nxc5 14. Qb5+ Ke7 15. Nd4 g6 16. b4 Ncd7 17. Qxb7 Ng4 18. N2f3 Kf6 19. Rac1 Nde5 20. Nxe5 Nxe5 21. b5 Nc4 22. e4 Na5 23. e5+ Qxe5 24. Qa6+ Kg7 25. Nf3 Qf4 26. Qxa5 Rhe8 27. Qc3+ Kg8 28. Qd4 Qd6 29. Rfd1 Rad8 30. Qxa7 Ra8 31. Qc5 Qxc5 32. Rxc5 Rxa2 33. Rcxd5 Ree2 34. R5d2 Rexd2 35. Nxd2 Rb2 36. Nf3 Rxb5 37. g3 Kg7 38. Kg2 Rg5 39. Rd7 Rc5 40. h4 h6 41. Rb7 Rd5 42. Rb2 Rc5 43. Nd2 Rd5 44. Ne4 Rd3 45. f3 Rd7 46. g4 f6 47. Rb6 1-0